书目信息 |
| 题名: |
老年健康照护
|
|
| 作者: | 卢桂珍 主编 | |
| 分册: | ||
| 出版信息: | 天津 天津大学出版社 2008 |
|
| 页数: | 257页 | |
| 开本: | 24cm | |
| 丛书名: | ||
| 单 册: | ||
| 中图分类: | R161.7 , R473.2 | |
| 科图分类: | ||
| 主题词: | 老年人--保健--高等教育--教材 , 老年病--护理--高等教育--教材 , 老年人 , 保健 , 老年病 , 护理 | |
| 电子资源: | ||
| ISBN: | 978-7-5618-2707-9 | |
| 000 | 01045nam0 2200325 450 | |
| 001 | 012015000454 | |
| 005 | 20150914160332.87 | |
| 010 | @a978-7-5618-2707-9@dCNY45.00 | |
| 100 | @a20080813d2008 em y0chiy50 ea | |
| 101 | 0 | @achi |
| 102 | @aCN@b120000 | |
| 105 | @aa z 000yy | |
| 106 | @ar | |
| 200 | 1 | @a老年健康照护@Alao nian jian kang zhao hu@dGerontism nursing care@f卢桂珍主编@zeng |
| 210 | @a天津@c天津大学出版社@d2008 | |
| 215 | @a257页@c图@d24cm | |
| 300 | @a教育部高职高专公共事业类专业教学指导委员会推荐教材 国家级精品教材 | |
| 330 | @a本书内容包括:老年健康照护概述、老年人的健康评估、老年人日常生活照护、老年人心理健康照护等。 | |
| 510 | 1 | @aGerontism nursing care@zeng |
| 606 | 0 | @a老年人@x保健@x高等教育@j教材 |
| 606 | 0 | @a老年病@x护理@x高等教育@j教材 |
| 606 | 0 | @a老年人 |
| 606 | 0 | @a保健 |
| 606 | 0 | @a老年病 |
| 606 | 0 | @a护理 |
| 690 | @aR161.7@v5 | |
| 690 | @aR473.2@v5 | |
| 701 | 0 | @a卢桂珍@Alu gui zhen@c(女,@f1961~)@4主编 |
| 801 | 0 | @aCN@b碧洲教育@c20150716 |
| 905 | @a10447@f4@dR161.7@e218 | |
| 老年健康照护=Gerontism nursing care/卢桂珍主编.-天津:天津大学出版社,2008 |
| 257页:图;24cm |
| 教育部高职高专公共事业类专业教学指导委员会推荐教材 国家级精品教材 |
| ISBN 978-7-5618-2707-9:CNY45.00 |
| 本书内容包括:老年健康照护概述、老年人的健康评估、老年人日常生活照护、老年人心理健康照护等。 |
| ● |
| 相关链接 |
|
|
|
|
正题名:老年健康照护
索取号:R161.7/218
 
预约/预借
| 序号 | 登录号 | 条形码 | 馆藏地/架位号 | 状态 | 备注 |
| 1 | 0849294 | 208492941 | 第二样本阅览室/ [索取号:R161.7/218] | 在馆 | |
| 2 | 0849295 | 208492950 | 第三借阅区/ [索取号:R161.7/218] | 在馆 | |
| 3 | 0849296 | 208492969 | 第三借阅区/ [索取号:R161.7/218] | 在馆 | |
| 4 | 0849297 | 208492978 | 第三借阅区/ [索取号:R161.7/218] | 在馆 |